UK Towns Quiz - Neath Port Talbot - Wales - Statistics

General Stats
  • This quiz has been taken 25 times
  • The average score is 10 of 25
Answer Stats
Clue Population Town % Correct
N 40,717 Neath
100%
P 31,550 Port Talbot
100%
B 10,512 Baglan
86%
C 4,524 Cwmavon
64%
P 5,533 Pontardawe
64%
G 3,923 Glyn-Neath
57%
Y 7,829 Ystalyfera
57%
B 569 Bryn
43%
R 2,159 Resolven
43%
R 2,559 Rhos
43%
S 1,348 Seven Sisters
43%
P 829 Pontrhydyfen
36%
T 2,664 Tonna
36%
C 2,177 Cilfrew
29%
A 2,726 Alltwen
21%
C 1,662 Creunant
21%
C 1,347 Cwmllynfell
21%
C 510 Cymmer
21%
G 2,745 Gwaun-Cae-Gurwen
21%
A 819 Abergwynfi
14%
C 1,273 Coedhirwaun
14%
C 1,292 Croeserw
14%
C 1,070 Cwmgwrach
14%
D 711 Dyffryn Cellwen
14%
G 957 Glyncorrwg
14%
No matching quizzes found
Score Distribution
Percent of People with Each Score
Percentile by Number Answered
Your Score History
You have not taken this quiz